000 00285nam a22001217a 4500
008 160613b xxu||||| |||| 00| 0 eng d
020 _a9780323011419
020 _a0323011411
041 _aeng
080 _a618.2
245 _aFundamentals of nursing:
_cPotter Perry;
942 _2udc
_cBK
999 _c2471
_d2471